| 000 | 00740nam a2200241Ia 4500 | ||
|---|---|---|---|
| 001 | Z_5798 | ||
| 003 | CHAP | ||
| 008 | 220113s2009 xx 000 0 und d | ||
| 010 | _a168997 | ||
| 040 | _cCHAP | ||
| 090 | _aTesis S 2125 | ||
| 100 |
_aSánchez Hernández, Cipriano _9107594 |
||
| 245 |
_aImplementación de un plan HACCP en una empresa empacadora de mangos con tratamiento hidrotérmico (Memoria de experiencia profesional) / _cCipriano Sánchez Hernández |
||
| 260 |
_aChapingo, Méx. : _bEl autor, _c2009 |
||
| 300 | _a92 h. | ||
| 502 | _aTesis (Ing. Agr. Esp. en Zootecnia) -- UACH. Departamento de Zootecnia | ||
| 901 | _aTESIS S 2125 | ||
| 902 | _aA | ||
| 910 | _a2009 | ||
| 942 | _c2 | ||
| 942 | _c2 | ||
| 999 |
_c168997 _d168997 |
||